000 00336nam a2200145Ia 4500
005 20250324133303.0
008 240331s9999 xx 000 0 und d
082 _bKAV
_a894
100 _aKavitha,
245 0 _aYuhankgal kanakkalla
260 _aMadras
_bTamizhiyal
_c1986
300 _a194 p .,
650 _aShort Stories
942 _cL
999 _c4003
_d4003